| 000 | 00448cam a2200181ua 4500 | ||
|---|---|---|---|
| 020 | _c1.25 | ||
| 041 |
_amal _h |
||
| 082 |
_a894.8121 _bGOP/SI |
||
| 100 |
_aGopalakurup, Vennikulam . _96036 |
||
| 245 |
_aSidharta charitam / _cVennikulam Gopala Kurup. _hTextual Documents |
||
| 260 |
_aKonni : _bVenus Press & Book Depot, , _c1962. |
||
| 300 | _a70 ; . | ||
| 365 | _a1.25 | ||
| 504 | _a | ||
| 942 | _cBK | ||
| 999 |
_c4821 _d4821 |
||
| 003 | |||